|
|
|
|
| LEADER |
00000nam a2200000Ii 4500 |
| 001 |
DIGVIETO226 |
| 003 |
NyNyDIG |
| 007 |
cr ||||||||||| |
| 008 |
210731s2004 sp ob 000 0bspa d |
| 006 |
m o d |
| 035 |
|
|
|a (OCoLC)1282640414
|
| 040 |
|
|
|a DGITA
|b eng
|e rda
|e pn
|c DGITA
|
| 020 |
|
|
|z 9788495776891
|
| 041 |
1 |
|
|a spa
|h eng
|
| 050 |
1 |
4 |
|a N6953.R4 ebook
|
| 082 |
1 |
4 |
|a 759.9492
|
| 100 |
1 |
|
|a Molyneux, John,
|e author.
|
| 240 |
1 |
0 |
|a Rembrandt & revolution.
|l Spanish
|s (Galdon)
|
| 245 |
1 |
0 |
|a Rembrandt & revolución /
|c John Molyneux ; traducción, Gemma Galdón.
|
| 246 |
3 |
|
|a Rembrandt y revolución
|
| 264 |
|
1 |
|a [Barcelona] :
|b Ediciones de Intervención Cultural :
|b El Viejo Topo,
|c [2004]
|
| 300 |
|
|
|a 1 online resource.
|
| 336 |
|
|
|a text
|b txt
|2 rdacontent
|
| 337 |
|
|
|a computer
|b c
|2 rdamedia
|
| 338 |
|
|
|a online resource
|b cr
|2 rdacarrier
|
| 347 |
|
|
|a text file
|2 rdaft
|
| 347 |
|
|
|b PDF
|
| 490 |
1 |
|
|a Retratos del Viejo Topo
|
| 504 |
|
|
|a Includes bibliographical references.
|
| 588 |
0 |
|
|a Online resource; title from PDF title page (Digitalia, viewed July 31, 2021)
|
| 600 |
0 |
0 |
|a Rembrandt Harmenszoon van Rijn,
|d 1606-1669.
|
| 655 |
|
0 |
|a Electronic books.
|
| 700 |
1 |
|
|a Galdon, Gemma,
|e translator.
|
| 700 |
1 |
|
|i Translation of:
|a Molyneux, John.
|t Rembrandt & revolution.
|
| 791 |
2 |
|
|a Digitalia (Firm),
|e distributor.
|
| 793 |
0 |
|
|g Digitalia eBook Collection:
|a El Viejo Topo
|
| 776 |
0 |
8 |
|i Print version:
|a Molyneux, John.
|s Rembrandt & revolution. Spanish (Galdon).
|t Rembrandt & revolución.
|d [Barcelona] : Ediciones de Intervención Cultural : El Viejo Topo, [2004]
|z 9788495776891
|
| 830 |
|
0 |
|a Retratos del Topo.
|
| 856 |
4 |
0 |
|3 Digitalia Hispánica
|u https://www.digitaliapublishing.com/a/57852/
|
| 910 |
|
|
|a Premium collection: 2021
|